000 01652cam a22002534a 4500
005 20250605164334.0
008 250528s ||||||||||||||||||||||||d
035 _a23362
020 _a9781848736245
040 _aGR-AtMCL
_bgre
_dGR-AtMCL
_eAACR2
245 1 _aStarting with Psychology
250 _a1st
260 _c2011
300 _a188
520 _aThis book will help you look in a little more detail at the methods psychologists use to conduct their research, and how psychologists apply the knowledge gathered from their research in areas such as education, mental health, crime and work.Introduction, Welcome, Influences on People's Minds and Behaviour, How Do Psychologists Do Psychology?, What Makes us Happy?, Investigating the Brain, A Quick Tour of the Brain, Memories are Made of This, Hurt Feelings, A Brain of Two Halves, What Makes us Happy and Happy Brains, Learning Skills and Reading and Note Taking, It's the Thought that Counts, Organisation and Improved Recall, Organisation and Distorted Recall, Thinking about Our Social World, Learning Skills and Writing Essays, Relating to Others, The First Relationships, Childhood Relationships, Adult and Intimate Relationships, Identifying Social Identities, Role Play, Group Pressure, Cultural and Context, What Makes Us Who We are?, Multiple Influences, A Word from the Y183 Module Team, Glossary, References, Acknowledgements, Index.
700 1 _aDyer Ernest
_98905
700 1 _aEdwards Tony
_98910
700 1 _aFinley Paul
_98906
700 1 _aFrynas George J
_98907
942 _cBK
710 2 _aThe Open University
_99818
999 _c8387
_d8387